000
00239nam a22001097a 4500
008
170126b xxu||||| |||| 00| 0 eng d
020
_a
9780071496797
041
_a
eng
080
_a
61
245
_a
EMT BASIC
_c
DIPRIMA, P.A
942
_2
udc
_c
BK
999
_c
3747
_d
3747